Italian conjugation, indicative present - Statistiques

Statistiques générales
  • Ce quiz a été pris 30 fois
    28 depuis la dernière actualisation
  • Le résultat moyen est 27 sur 36
Statistiques - réponses
Hint Réponse % Correct
Io canto
100%
Lui/lei canta
92%
Voi cantate
92%
Tu canti
92%
Noi cantiamo
92%
Lui/lei scrive
92%
Tu scrivi
92%
Noi scriviamo
92%
Io scrivo
92%
Voi scrivete
84%
Noi apriamo
80%
Lui/lei apre
76%
Tu apri
76%
Io apro
76%
Tu sei
76%
Io sono
76%
Noi abbiamo
72%
Voi avete
72%
Loro cantano
72%
Lui/lei è
72%
Lui/lei ha
72%
Tu hai
72%
Io ho
72%
Noi siamo
72%
Voi siete
72%
Loro hanno
68%
Loro sono
68%
Tu stai
68%
Voi state
68%
Noi stiamo
68%
Io sto
68%
Loro scrivono
64%
Lui/lei sta
64%
Loro stanno
64%
Voi aprite
60%
Loro aprono
60%
Aucun quiz correspondant
Distribution des résultats
% des personnes avec chaque résultat
Percentile par nombre de réponses
Votre historique - résultats
Vous n’avez pas pris ce quiz depuis la dernière actualisation